Lacas Namban : (Record no. 10849)

MARC details
000 -CABECERA
campo de control de longitud fija 03603nam a22004697a 4500
001 - NÚMERO DE CONTROL
campo de control BRCA_9230
003 - IDENTIFICADOR DEL NÚMERO DE CONTROL
campo de control FranzMayer
005 - FECHA Y HORA DE LA ÚLTIMA TRANSACCIÓN
campo de control 20220921134607.0
008 - DATOS DE LONGITUD FIJA--INFORMACIÓN GENERAL
campo de control de longitud fija 220913b |||||||| |||| 00| 0 eng d
020 ## - NÚMERO INTERNACIONAL ESTÁNDAR DEL LIBRO
Número Internacional Estándar del Libro 9788481815405
020 ## - NÚMERO INTERNACIONAL ESTÁNDAR DEL LIBRO
Número Internacional Estándar del Libro 9788461646258
040 ## - FUENTE DE LA CATALOGACIÓN
Lengua de catalogación spa
Centro/agencia transcriptor MFM
041 ## - CÓDIGO DE LENGUA
Código de lengua del texto/banda sonora o título independiente spa
050 ## - SIGNATURA TOPOGRÁFICA DE LA BIBLIOTECA DEL CONGRESO
Número de clasificación NK9900.5.E
Número de documento/Ítem L33 2013
245 ## - MENCIÓN DE TÍTULO
Título Lacas Namban :
Resto del título Huellas de Japón en España. IV Centenario de la Embajada Keichô = Namban Lacquer : Japan remained in Spain : 400 years after the Keicho Embassy = 南蛮漆器 : スペインに残された「日本」 : 慶長遣欧使節400周年
260 ## - PUBLICACIÓN, DISTRIBUCIÓN, ETC.
Lugar de publicación, distribución, etc. Madrid :
Nombre del editor, distribuidor, etc. Ministerio de Educación, Cultura y Deporte, Subdirección General de Documentación y Publicaciones,
Fecha de publicación, distribución, etc. 2013
260 ## - PUBLICACIÓN, DISTRIBUCIÓN, ETC.
Lugar de publicación, distribución, etc. Madrid :
Nombre del editor, distribuidor, etc. Fundación Japón, Madrid,
Fecha de publicación, distribución, etc. 2013
300 ## - DESCRIPCIÓN FÍSICA
Extensión 509 pp. :
Otras características físicas il. fot. map. ;
Dimensiones 17 x 24 cm.
500 ## - NOTA GENERAL
Nota general Ubicación: L60-N1
500 ## - NOTA GENERAL
Nota general Catálogo publicado con motivo de la exposición que lleva por nombre el mismo de éste ejemplar, realizada en el Museo Nacional de Artes Decorativas (12 de junio al 29 de septiembre de 2013)
504 ## - NOTA DE BIBLIOGRAFÍA, ETC.
Nota de bibliografía, etc. Bibliografía: pp. 475-503
505 ## - NOTA DE CONTENIDO CON FORMATO
Título Presentación /
Mención de responsabilidad Fernando García Gutiérrez
505 ## - NOTA DE CONTENIDO CON FORMATO
Título Rutas, viajes y encuentros entre Japón y España /
Mención de responsabilidad Ana Trujillo Dennis
505 ## - NOTA DE CONTENIDO CON FORMATO
Título Japón, Date Masamune y la embajada Keichô /
Mención de responsabilidad Javier Villalba Fernández
505 ## - NOTA DE CONTENIDO CON FORMATO
Título Las primeras visitas de los viajeros del Lejano Occidente a Japón /
Mención de responsabilidad Javier Villalba Fernández
505 ## - NOTA DE CONTENIDO CON FORMATO
Título La pintura de la escuela Namban en Japón /
Mención de responsabilidad Fernando García Gutiérrez
505 ## - NOTA DE CONTENIDO CON FORMATO
Título La impronta cultural de occidente en la vida cotidiana japonesa del periodo Namban /
Mención de responsabilidad Muriel Gómez Pradas
505 ## - NOTA DE CONTENIDO CON FORMATO
Título Los textos impresos como testimonios de un encuentro. Libros occidentales relativos al periodo Namban en España y su contribución a la creación de la imagen de Japón /
Mención de responsabilidad Elena Barlés Baguena
505 ## - NOTA DE CONTENIDO CON FORMATO
Título Mapas, mártires, embajadas y exotismo: la imagen de Japón en la cultura visual europea /
Mención de responsabilidad Pilar Cabañas Moreno y David Almazán Tomás
505 ## - NOTA DE CONTENIDO CON FORMATO
Título La armadura del samurái: de valiosos regalos a estímulos de la imaginación /
Mención de responsabilidad Matilde Rosa Arias Estévez
505 ## - NOTA DE CONTENIDO CON FORMATO
Título Laca japonesa urushi de estilo Namban en España. Vías de su llegada y sus destinos /
Mención de responsabilidad Yayoi Kawamura
505 ## - NOTA DE CONTENIDO CON FORMATO
Título Huellas del arte japonés en Nueva España: biombos, enconchados y maques /
Mención de responsabilidad Pilar Cabañas Moreno
505 ## - NOTA DE CONTENIDO CON FORMATO
Título Catálogo razonado: Laca Namban y obras de Nueva España
505 ## - NOTA DE CONTENIDO CON FORMATO
Título Glosario básico de términos de arte japonés y de laca urushi
505 ## - NOTA DE CONTENIDO CON FORMATO
Título Anexo: Selección de libros occidentales relacionados con el periodo Namban en bibliotecas y otras instituciones españolas /
Mención de responsabilidad Elena Barlés Báguena
520 ## - SUMARIO, ETC.
Sumario, etc. El propósito de la exposición es fomentar la comprensión mutua entre los dos países. Dicha exposición está compuesta de dos partes. La primera es la explicación de la embajada de Hasekura a través de paneles fotográficos, mediante la cual se quiere profundizar en la finalidad de la misión de Hasekura, su trasfondo histórico y la relación diplomática de ambos países de la época. La segunda parte de la exposición está dedicada a los utensilios de estilo Namban guardados en España tras su llegada desde Japón a partir del siglo XVI. - Proporcionado por Fundación Japón, Madrid
650 ## - PUNTO DE ACCESO ADICIONAL DE MATERIA--TÉRMINO DE MATERIA
Término de materia o nombre geográfico como elemento de entrada Lacas
Subdivisión de forma Exposiciones
Subdivisión geográfica España
-- Japón
9 (RLIN) 28554
650 ## - PUNTO DE ACCESO ADICIONAL DE MATERIA--TÉRMINO DE MATERIA
Término de materia o nombre geográfico como elemento de entrada Arte namban
Subdivisión general Influencias
Subdivisión de forma Exposiciones
9 (RLIN) 28555
651 ## - PUNTO DE ACCESO ADICIONAL DE MATERIA--NOMBRE GEOGRÁFICO
Fuente del encabezamiento o término España
Subdivisión general Relaciones
Subdivisión geográfica Japón
9 (RLIN) 28556
942 ## - ELEMENTOS DE PUNTO DE ACCESO ADICIONAL (KOHA)
Fuente del sistema de clasificación o colocación Library of Congress Classification
Tipo de ítem Koha Libros
Holdings
Estado de retiro Estado de pérdida Fuente del sistema de clasificación o colocación Estado dañado No para préstamo Localización permanente Ubicación/localización actual Fecha de adquisición Total de préstamos Signatura topográfica completa Código de barras Fecha visto por última vez Precio válido a partir de Tipo de ítem Koha
El ejemplar forma parte de la colección y puede ser consultado según las políticas vigentes.   Library of Congress Classification     Biblioteca del Museo Franz Mayer (Rogerio Casas-Alatriste) Biblioteca del Museo Franz Mayer (Rogerio Casas-Alatriste) 13/09/2022   NK9900.5.E L33 2013 CONT10018 13/09/2022 13/09/2022 Libros